书目信息 |
| 题名: |
膜技术在污水治理及回用中的应用
|
|
| 作者: | 刘茉娥 , 陈益棠 , 蔡邦肖 编著 | |
| 分册: | ||
| 出版信息: | 北京 化学工业出版社 2005.03 |
|
| 页数: | 279页 | |
| 开本: | 26cm | |
| 丛书名: | ||
| 单 册: | ||
| 中图分类: | X703 | |
| 科图分类: | ||
| 主题词: | 膜法--mo fa--污水处理 | |
| 电子资源: | ||
| ISBN: | 7-5025-6114-5 | |
| 000 | 01212nam0 2200325 450 | |
| 001 | CAL 012004140751 | |
| 005 | 20051014093010.89 | |
| 010 | @a7-5025-6114-5@d40.00CNY | |
| 092 | @b0001701-278 | |
| 099 | @aCAL 012004140751 | |
| 100 | @a20041126d2005 ekmy0chiy0121 ea | |
| 101 | 0 | @achi |
| 102 | @aCN@b110000 | |
| 105 | @aak a 000yy | |
| 200 | 1 | @a膜技术在污水治理及回用中的应用@Amo ji shu zai wu shui zhi li ji hui yong zhong de ying yong@f刘茉娥, 蔡邦肖, 陈益棠编著@Fliu mo e,cai bang xiao,chen yi tang bian zhu |
| 210 | @a北京@c化学工业出版社@c环境科学与工程出版中心@d2005.03 | |
| 215 | @a279页@c图@d26cm | |
| 320 | @a有书目 | |
| 330 | @a本书是一本关于薄膜技术废物利用的书籍,本书向读者介绍了近年来膜技术在国内外废水治理和回用中的应用情况,发展动向,以帮助读者了解膜设备性能,工艺流程,设计运行情况,以及存在的问题。 | |
| 333 | @a膜技术研究人员,高等院校相关专业学生,普通读者。 | |
| 606 | 0 | @a膜法@Amo fa@x污水处理 |
| 690 | @aX703@v4 | |
| 700 | 0 | @4编著 |
| 701 | 0 | @a刘茉娥@Aliu mo e@4编著 |
| 701 | 0 | @a陈益棠@Achen yi tang@4编著 |
| 701 | 0 | @a蔡邦肖@Acai bang xiao@4编著 |
| 801 | 0 | @aCN@bXHSD@c20051014 |
| 905 | @a10447@dX703@eL651 | |
| 906 | @dCNY40.00@n0@r1 | |
| 998 | @aBJP | |
| 膜技术在污水治理及回用中的应用/刘茉娥, 蔡邦肖, 陈益棠编著.-北京:化学工业出版社:环境科学与工程出版中心,2005.03 |
| 279页:图;26cm |
| 使用对象:膜技术研究人员,高等院校相关专业学生,普通读者。 |
| ISBN 7-5025-6114-5:40.00CNY |
| 本书是一本关于薄膜技术废物利用的书籍,本书向读者介绍了近年来膜技术在国内外废水治理和回用中的应用情况,发展动向,以帮助读者了解膜设备性能,工艺流程,设计运行情况,以及存在的问题。 |
| ● |
| 相关链接 |
|
|
|
正题名:膜技术在污水治理及回用中的应用
索取号:X703/L651
 
预约/预借
| 序号 | 登录号 | 条形码 | 馆藏地/架位号 | 状态 | 备注 |
| 1 | 531903 | 205319038 | 自科二线504/501自科库 104排2列3层/ [索取号:X703/L651] | 在馆 | |
| 2 | 531904 | 205319047 | 市政与环境工程学院资料室/201建筑库 63排4列5层/ [索取号:X703/L651] | 在馆 | |
| 3 | 531905 | 205319056 | 自科二线504/501自科库 104排2列3层/ [索取号:X703/L651] | 在馆 | |
| 4 | 531906 | 205319065 | 自科二线504/504自科库 41排4列6层/ [索取号:X703/L651] | 在馆 | |
| 5 | 531907 | 205319074 | 市政与环境工程学院资料室/201建筑库 63排4列5层/ [索取号:X703/L651] | 在馆 | |
| 6 | 567725 | 205677258 | 市政与环境工程学院资料室/501自科库 104排2列3层/ [索取号:X703/L651] | 在馆 | |
| 7 | 567726 | 205677267 | 自科二线504/501自科库 104排2列3层/ [索取号:X703/L651] | 在馆 | |
| 8 | 567727 | 205677276 | 自科库501/501自科库 104排2列3层/ [索取号:X703/L651] | 在馆 |